Statistics for Low-born characters from Game of Thrones

Click here to take the quiz!

General Stats

  • This quiz has been taken 422 times
  • The average score is 19 of 32

Answer Stats

HintAnswer% Correct
the SpiderVarys
97%
the red womanMelisandre of Asshai
94%
bastard smithGendry
93%
Unsullied with a lucky nameGrey Worm
88%
King Beyond the WallMance Rayder
88%
only says one wordHodor
87%
dancing masterSyrio Forel
81%
a cunning sellswordBronn
79%
very good at bakingHot Pie
77%
Faceless ManJaqen H'ghar
76%
missing even more fingersSer Davos Seaworth
73%
red priestThoros of Myr
68%
kissed by fireYgritte
66%
unchained maesterQyburn
63%
slow-witted Night's Watch rangerGrenn
59%
butcher's boyMycah
59%
Night's Watch recruiterYoren
59%
...but she rescues one of themGilly
57%
sacrifices all his sonsCraster
56%
host to Viserys and DaenerysIllyrio Mopatis
55%
Gold Cloaks commanderJanos Slynt
51%
tells a lot of storiesOld Nan
43%
DolorousEddison Tollett
41%
steals NeedlePolliver
40%
warlockPyat Pree
31%
Lhazareen maegiMirri Maz Duur
30%
House Arryn's gaolerMord
30%
little scribeMissandei
28%
best archer in WesterosAnguy
23%
wants to marry Dany (don't we all?)Xaro Xhoan Daxos
23%
missing some fingersQhorin Halfhand
22%
Winterfell's smithMikken
20%

Score Distribution

Percentile by Number Answered

Percent of People with Each Score

Your Score History

You have not taken this quiz